Το ληστρικό μυθιστόρημα στην Ελλάδα : μύθοι - παραστάσεις - ιδεολογία
Αποθηκεύτηκε σε:
| Κύριος συγγραφέας: | |
|---|---|
| Μορφή: | Βιβλίο |
| Γλώσσα: | Greek |
| Δημοσίευση: |
Αθήνα :
Πλέθρον,
[1997]
|
| Σειρά: | Λαϊκός πολιτισμός. Τοπικές κοινωνίες (Πλέθρον)
|
| Θέματα: | |
| Ετικέτες: |
Προσθήκη ετικέτας
Δεν υπάρχουν, Καταχωρήστε ετικέτα πρώτοι!
|
MARC
| LEADER | 00000nam a2200000 i 4500 | ||
|---|---|---|---|
| 001 | 1/68690 | ||
| 008 | 990203s1997 gre d | ||
| 020 | |a 960-348-046-0 | ||
| 035 | |l 10047692 | ||
| 040 | |a GR-MY-UA |b gre |e aacr | ||
| 041 | 0 | |a gre | |
| 082 | 0 | |a 889.307 | |
| 100 | 1 | |a Δερμεντζόπουλος, Χρήστος Α. | |
| 245 | 1 | 3 | |a Το ληστρικό μυθιστόρημα στην Ελλάδα : |b μύθοι - παραστάσεις - ιδεολογία / |c Χρήστος Α. Δερμεντζόπουλος |
| 260 | |a Αθήνα : |b Πλέθρον, |c [1997] | ||
| 300 | |a 267 σ. | ||
| 490 | 1 | |a Λαικός πολιτισμός / τοπικές κοινωνίες | |
| 650 | 0 | 0 | |a Greek literature, Modern |x History and criticism. |
| 650 | 0 | 0 | |a Greek fiction, Modern |y 20th century |x History and criticism. |
| 830 | 0 | |a Λαϊκός πολιτισμός. |p Τοπικές κοινωνίες (Πλέθρον) | |
| 852 | |a INST |b LESVOS |e 20050920 |h 889.307 ΔΕΡ |p 005100032659 |q 005100032659 |t BK |y 0 | ||
| 852 | |a INST |b RHODES |e 19990203 |h 889.307 ΔΕΡ |p 005400005519 |q 005400005519 |t BK |y 0 | ||
| 901 | |a BIBL-1999-1 | ||
| 901 | |a BIBL1-2005-3 | ||
| 909 | |a Ρ |b 058768 |c 1998 | ||
| 909 | |a Λ |b 113829 | ||
| 920 | |a ΔΙΕΥΡΥΝΣΗ |b ΕΠΕΑΕΚ-ΤΚ |y ΛΕΣΒΟΣ |z 2004-10 | ||
| 922 | |a 4ΕΛΗ |b 199806 |c ΚΠΣ/Ν | ||
| 970 | |z 2000/06/ΟΙΚΟΝΟΜΟΠΟΥΛΟΥ (SUBJECT) | ||